01750nam a22003737a 4500003000500000005001700005008004100022010001000063011001000073035001000083040000900093082002000102110004300122245006400165260003800229300001100267505026700278590004100545590004100586590004100627590004200668650005700710700003600767700004700803700003500850700002600885901000700911942001000918949006300928949008300991999001701074952014001091952014501231CHAP20260227114927.0971013s1938 r 00010 d a56641 a57613 a61768 cCHAP a630.63bS6 1937 aSociedad Agronómica Mexicana9108045 aPrimer ciclo de conferencias de Octubre a Noviembre de 1937 aMéxico, D.F. :bD.A.P.P.,c1938 a102 p. aContenido: La explotación agrícola de la U.R.S.S., por M. Sousa.-- El problema agrario en España, por J. Silva Herzog.-- La socialización de la tierra, por R. Fernández y Fernández.-- La economía ejidal de Morelos, por E. Alanís Patiño.-- El pr aBATCH-UPDb10c20130110lUCH01h0830 aBATCH-UPDb10c20130410lUCH01h0508 aBATCH-UPDb10c20130914lUCH01h1948 aCONVERSIONb10c20130109lUCH01h133014aAgriculturaxDiscursos, ensayos, conferencias.914061 aAlanís Patiño, Emilio933350 aFernández y Fernández, Ramón.9403220 aSilva Herzog, Jesús.91060070 aSouza, Mario.9109006 aBK cLIBRO a630.63 S6 1937bBCcLIBROd-132614eLIBROh19859i61768si a630.63 S6 1937bBCcLIBROd33724002119975eLIBROfc.2gI.c/eh111411i61768sb c56641d56641 00102ddc4052708GRALaBCbBCcPP_GRALd2019-12-31eI.c/efLIBROl0o630.63 S6 1937p-132614r2019-12-31 00:00:00w2019-12-31yLIBRO 00102ddc4052708GRALaBCbBCcPP_GRALd2019-12-31fLIBROl0o630.63 S6 1937p33724002119975r2019-12-31 00:00:00tc.2w2019-12-31yLIBRO